[Event "Bergamo Province-ch"]
[Site "Bergamo"]
[Date "2006.11.03"]
[Round "5"]
[White "Beretta, Giovanni"]
[Black "Riva, Carlo"]
[Result "0-1"]
[WhiteElo "1532"]
[BlackElo "1601"]
[PlyCount "108"]
[EventDate "2006.10.06"]
[EventType "swiss"]
[EventRounds "9"]
[EventCountry "ITA"]
[SourceTitle "EXT 2011"]
[Source "ChessBase"]
[SourceDate "2010.11.26"]
[SourceVersion "1"]
[SourceVersionDate "2010.11.26"]
[SourceQuality "1"]

1. c4 c5 2. Nc3 Nc6 3. g3 g6 4. Bg2 Bg7 5. Nf3 Nf6 6. 0-0 0-0 7. e4 e5 8. b3 d6 9. Bb2 Ne7 10. Re1 Bg4 11. h3 Bxf3 12. Qxf3 Rb8 13. Rad1 Ne8 14. Qg4 Qc8 15. Qxc8 Rxc8 16. Nd5 Nxd5 17. exd5 f5 18. f4 e4 19. Bxg7 Kxg7 20. d3 exd3 21. Rxd3 Nf6 22. Re6 Rcd8 23. Rde3 Rf7 24. Bf3 Rdd7 25. g4 fxg4 26. hxg4 b6 27. g5 Ng8 28. R3e4 Rfe7 29. Bg4 Rf7 30. a3 Ne7 31. Rf6 Nf5 32. Ree6 Rxf6 33. Rxf6 Rf7 34. Bxf5 Rxf6 35. gxf6+ Kxf6 36. Be6 h5 37. Kg2 g5 38. fxg5+ Kxg5 39. b4 Kf4 40. Bf7 h4 41. Bh5 Ke3 42. Kf1 h3 43. Bd1 Kd3 44. bxc5 bxc5 45. Be2+ Kc3 46. Ke1 h2 47. Bf3 Kxc4 48. Kd1 Kb3 49. Kc1 a5 50. Be4 Kxa3 51. Kb1 c4 52. Ka1 Kb3 53. Kb1 Kc3 54. Ka2 Kd2 0-1

[Event "Bergamo Province-ch"]
[Site "Bergamo"]
[Date "2006.10.20"]
[Round "3"]
[White "Mangili, Riccardo"]
[Black "Beretta, Giovanni"]
[Result "0-1"]
[WhiteElo "1668"]
[BlackElo "1532"]
[PlyCount "70"]
[EventDate "2006.10.06"]
[EventType "swiss"]
[EventRounds "9"]
[EventCountry "ITA"]
[SourceTitle "EXT 2011"]
[Source "ChessBase"]
[SourceDate "2010.11.26"]
[SourceVersion "1"]
[SourceVersionDate "2010.11.26"]
[SourceQuality "1"]

1. e4 e5 2. Nf3 d6 3. d4 exd4 4. Nxd4 Nf6 5. Nc3 g6 6. Bd3 Bg7 7. 0-0 0-0 8. Bg5 c6 9. Qc1 Qb6 10. Nde2 Re8 11. Kh1 Nbd7 12. f4 Qc7 13. f5 d5 14. exd5 Ng4 15. Ng3 Bd4 16. Nd1 Re1 17. Qd2 Rxf1+ 18. Bxf1 Be5 19. Be2 Nxh2 20. Kxh2 Bxg3+ 21. Kh1 Qe5 22. fxg6 hxg6 23. Qe3 cxd5 24. Qxe5 Nxe5 25. Nc3 Be6 26. Nb5 a6 27. Nd4 Rc8 28. c3 Kg7 29. Rf1 Rf8 30. Bf6+ Kh7 31. Bxe5 Bxe5 32. Nxe6 Rh8 33. Rxf7+ Kg8+ 34. Kg1 Kxf7 35. Bg4 Rh4 0-1

[Event "Crema op 05th"]
[Site "Crema"]
[Date "2003.09.07"]
[Round "6"]
[White "Raffaldi, Fabrizio"]
[Black "Beretta, Giovanni"]
[Result "1-0"]
[WhiteElo "1606"]
[BlackElo "1437"]
[PlyCount "59"]
[EventDate "2003.09.05"]
[EventType "swiss"]
[EventRounds "6"]
[EventCountry "ITA"]
[SourceTitle "EXT 2007"]
[Source "ChessBase"]
[SourceDate "2006.11.23"]
[SourceVersion "1"]
[SourceVersionDate "2006.11.23"]
[SourceQuality "1"]

1. e4 e5 2. f4 Nf6 3. Nc3 d6 4. Nf3 Bg4 5. Bc4 h6 6. 0-0 Nbd7 7. d3 Nc5 8. b4 Ne6 9. h3 Bxf3 10. Qxf3 Nd4 11. Qf2 exf4 12. Bxf4 Nc6 13. d4 d5 14. exd5 Bxb4 15. dxc6 0-0 16. Ne2 Ne4 17. Qf3 Re8 18. Bxf7+ Kh8 19. Bxe8 Qxe8 20. cxb7 Rb8 21. c3 Ba5 22. Rfe1 Nd6 23. Be5 Qe7 24. Nf4 Kg8 25. Qd5+ Qf7 26. Qxa5 Nc4 27. Qd5 Nxe5 28. Rxe5 c6 29. Qxf7+ Kxf7 30. Rb1 1-0

[Event "Crema op 05th"]
[Site "Crema"]
[Date "2003.09.05"]
[Round "2"]
[White "Beretta, Giovanni"]
[Black "Donnoli, Giorgio"]
[Result "1-0"]
[WhiteElo "1437"]
[BlackElo "1485"]
[PlyCount "145"]
[EventDate "2003.09.05"]
[EventType "swiss"]
[EventRounds "6"]
[EventCountry "ITA"]
[SourceTitle "EXT 2007"]
[Source "ChessBase"]
[SourceDate "2006.11.23"]
[SourceVersion "1"]
[SourceVersionDate "2006.11.23"]
[SourceQuality "1"]

1. c4 Nf6 2. Nc3 d6 3. g3 g6 4. Bg2 Bg7 5. d3 0-0 6. Nf3 Nc6 7. Be3 b6 8. Nd4 Nxd4 9. Bxa8 Nf5 10. Qd2 Nxe3 11. Qxe3 Bh3 12. Bc6 Ng4 13. Qg5 Bf6 14. Qd2 Bd4 15. e3 Bg7 16. 0-0-0 Ne5 17. Be4 f5 18. Bd5+ Kh8 19. f4 Nd7 20. Nb5 a6 21. Nd4 Qb8 22. Ne6 Rf6 23. Nxg7 Kxg7 24. Rde1 e6 25. Bc6 Nf8 26. Rhg1 h6 27. e4 Qd8 28. e5 Rf7 29. Qc3 Kg8 30. d4 g5 31. d5 dxe5 32. dxe6 Nxe6 33. Qxe5 Nc5 34. Qe8+ Qxe8 35. Rxe8+ Kg7 36. b4 Nd3+ 37. Kd2 Nxb4 38. Bb7 Nxa2 39. Bxa6 Rd7+ 40. Ke3 Nb4 41. Bc8 Rd3+ 42. Kf2 Kf7 43. Rge1 Rd2+ 44. R8e2 Nd3+ 45. Ke3 Rxe2+ 46. Rxe2 Nc5 47. Ra2 Ke7 48. Ra7 Kd6 49. Kd4 Ne4 50. Bb7 Nd2 51. Ra8 Nf1 52. Rh8 c5+ 53. Kd3 g4 54. Rxh6+ Kc7 55. Bd5 Nxh2 56. Rf6 Nf1 57. Rxf5 Nxg3 58. Rf7+ Kd6 59. Rf6+ Kc7 60. f5 Nh5 61. Rf7+ Kd6 62. Rh7 Nf4+ 63. Ke4 Nxd5 64. Rh6+ Nf6+ 65. Rxf6+ Ke7 66. Rxb6 g3 67. Rb1 g2 68. Ke5 Bxf5 69. Kxf5 Kd6 70. Rg1 Kc6 71. Rxg2 Kb6 72. Ke5 Kc6 73. Rb2 1-0